000 00293nam a2200121Ia 4500
008 190216s9999||||xx |||||||||||||| ||und||
100 _aTip Top Azeez
245 0 _aEnikku Gusthi Padikkanda
260 _bC I C C Book House
_c1995
300 _a48p
650 _aMalayalam Nadakam
942 _cBK
999 _c27752
_d27752